000 00299nam a2200133Ia 4500
999 _c14097
_d14097
003 OSt
005 20260423103708.0
008 260210s9999 xx 000 0 und d
020 _a9789881545152
100 _aWhittaker
245 0 _aHotels : Between The Lines
260 _bDMPL
942 _cBDES
_2ddc